000 01074pam a2200241 a 4500
001 1069077
005 20160713120834.0
008 910128s1992 nyua b 001 0 eng
010 _a 91007865
020 _a067521324X
040 _aDLC
_cDLC
_dDLC
050 0 0 _aQA11
_b.C23 1992
082 0 0 _a510/.71/2
_220
100 1 _aCangelosi, James S.
245 1 0 _aTeaching mathematics in secondary and middle school :
_bresearch-based approaches /
_cJames S. Cangelosi.
260 _aNew York :
_bMerrill ;
_aToronto :
_bMaxwell Macmillan Canada ;
_aNew York :
_bMaxwell Macmillan International,
_cc1992.
300 _axx, 346 p. :
_bill. ;
_c28 cm.
504 _aIncludes bibliographical references (p. 333-340) and index.
650 0 _aMathematics
_xStudy and teaching (Secondary)
906 _a7
_bcbc
_corignew
_d1
_eocip
_f19
_gy-gencatlg
942 _2lcc
_cBOOKS
_hQA 11 .C23 1992
999 _c11988
_d11988